| 000 | 00446nam a22001817a 4500 | ||
|---|---|---|---|
| 003 | MPLRDC | ||
| 005 | 20220104114034.0 | ||
| 008 | 210129b ||||| |||| 00| 0 eng d | ||
| 082 | _a861.57 WJWK v.8 | ||
| 100 | _a | ||
| 245 |
_a芥川奖作品选集. 一 _c刘慕沙译 |
||
| 250 | _a三版 | ||
| 260 |
_a台湾 _b大地出版社 _c1979 |
||
| 300 | _b295 | ||
| 490 | _a万卷文库. 8 | ||
| 650 | _a日本文学 | ||
| 942 |
_cBK _o861.57 WJWK v.8 |
||
| 999 |
_c4326 _d4316 |
||